| 000 | 00832nam a2200253 i 4500 | ||
|---|---|---|---|
| 001 | bg | ||
| 245 | 0 | 0 |
_aAussenhandel : _bWirtschaftsdeutsch / _chrsg. von Rosemarie Buhlmann ; [aut.] Ludmilla Abrahamova [et al.] ; Goethe Institut. |
| 260 |
_aWarschau : _b"Poltext", _c2003. |
||
| 300 |
_a199 s. ; _c26 cm. |
||
| 504 | _aBibliogr. | ||
| 650 | 9 | _aJęzyk niemiecki | |
| 650 | 9 |
_aHandel zagraniczny _xterminologia |
|
| 655 | _aPodręczniki akademickie | ||
| 700 | 1 |
_aBUHLMANN, Rosemarie. _eRed. |
|
| 700 | 1 | _aABRAHAMOVA, Ludmilla | |
| 020 | _a8386890932 | ||
| 040 | _cBPK | ||
| 041 | 0 | _ager | |
| 080 | _a811.112.2(075.8):339.5 | ||
| 920 | _a83-86890-93-2 | ||
| 942 | _cKS | ||
| 008 | s pl f |000 0 pol | ||
| 999 |
_c44666 _d44666 |
||
| 856 |
_uhttp://koha.tu.koszalin.pl/cgi-bin/koha/opac-detail.pl?biblionumber=44666 _yKatalog online BPK |
||